| 000 | 00398nam a2200145Ia 4500 | ||
|---|---|---|---|
| 008 | 231129s2002||||xx |||||||||||||| ||spa|| | ||
| 020 | _a958-677-241-1 | ||
| 040 | _bspa | ||
| 082 | _aR 306.85 S211t | ||
| 100 | _aSanchez Ocana Ramon y Calera Ana Maria. | ||
| 245 | 0 | _aTaller para padres excelentes | |
| 260 | _c2002 | ||
| 264 | _aZamora | ||
| 942 |
_2ddc _cBKS |
||
| 999 |
_c24980 _d24980 |
||